And almusal ni Waway buwaya / (Record no. 102893)
[ view plain ]
| 000 -LEADER | |
|---|---|
| fixed length control field | 00520nam a2200169 a 4500 |
| 005 - DATE AND TIME OF LATEST TRANSACTION | |
| control field | 20140412111245.0 |
| 008 - FIXED-LENGTH DATA ELEMENTS--GENERAL INFORMATION | |
| fixed length control field | 010809s19uu xx 00 eng d |
| 020 ## - INTERNATIONAL STANDARD BOOK NUMBER | |
| International Standard Book Number | 971-36-0621-3 |
| 050 ## - LIBRARY OF CONGRESS CALL NUMBER | |
| Classification number | Fil E |
| Item number | Al6 1997 |
| 100 ## - MAIN ENTRY--PERSONAL NAME | |
| Personal name | Mari Ann, Jeanna |
| 245 ## - TITLE STATEMENT | |
| Title | And almusal ni Waway buwaya / |
| Statement of responsibility, etc | istorya ni Jeanna Mari Ann ; guhit ni El Ortizluis. |
| 260 ## - PUBLICATION, DISTRIBUTION, ETC. (IMPRINT) | |
| Place of publication, distribution, etc | Valenzuela : |
| Name of publisher, distributor, etc | S.G.E. Printers, |
| Date of publication, distribution, etc | 1997. |
| 300 ## - PHYSICAL DESCRIPTION | |
| Extent | 32p. ; ill. |
| 650 ## - SUBJECT ADDED ENTRY--TOPICAL TERM | |
| Topical term or geographic name as entry element | Folktales, Philippines |
| 650 ## - SUBJECT ADDED ENTRY--TOPICAL TERM | |
| Topical term or geographic name as entry element | Children's stories,Filipino |
| Withdrawn status | Lost status | Damaged status | Use restrictions | Home library | Current library | Shelving location | Date acquired | Source of acquisition | Total Checkouts | Full call number | Barcode | Date last seen | Price effective from | Koha item type |
|---|---|---|---|---|---|---|---|---|---|---|---|---|---|---|
| Elizalde Library | Elizalde Library | Filipiniana Section | 08/09/2001 | Fil E Al6 1997 | E3098 | 04/12/2014 | 04/12/2014 | Books |